000 00389nam a2200169Ia 4500
001 11105
005 20260306161921.0
008 260306t9999||||xx |||||||||||||| ||spa||
041 _aESP
082 _a985.009
_bB39
100 _aGarcía Belaúnde, Domingo
_eAUT
245 0 _aVíctor Andrés Belaunde
300 _a
_c
650 _aGEN
654 _aCHU
942 _cLIB
_dJUS
_fJUS
_2ddc
_n
999 _c11105
_d11105